| 000 | 00388 a2200145 4500 | ||
|---|---|---|---|
| 999 |
_c6438 _d6438 |
||
| 020 | _a9780340867327 | ||
| 050 | _aZ 253.53 LUM 2003 | ||
| 100 | _aLumgair, C. | ||
| 245 |
_a Desktop Publishing/ _cChristopher Lumgair |
||
| 264 |
_aLondon : _bTeach Yourself, _c2003. |
||
| 300 | _av, 198 p. | ||
| 500 | _aincludes index | ||
| 650 | _aDesktop publishing. | ||
| 942 |
_2lcc _cBK _h253.53 _iLUM _kZ |
||